|
|
|
|
| LEADER |
00000cam a2200000 a 4500 |
| 001 |
vtls008512398 |
| 003 |
SK-MaSNL |
| 005 |
20260302004334.0 |
| 008 |
210701e1886 xr gr 000 0 cze |
| 015 |
|
|
|a SNBHFA1886
|
| 035 |
|
|
|a SAVUKc090038
|
| 035 |
|
|
|a D88625F9-469F-4882-A17F-7FEA8498D002
|
| 035 |
|
|
|a urn:nbn:sk:snk-am00d3b1
|
| 035 |
|
|
|a urn:nbn:sk:snk-am3hhtd
|
| 035 |
|
|
|a F9FF9B99-D272-4CAC-9B9B-D2BE0B6D1374
|
| 035 |
|
|
|a urn:nbn:sk:snk-am00d0tk
|
| 040 |
|
|
|a SNK
|b slo
|c SNK
|e AACR2
|
| 041 |
0 |
|
|a cze
|
| 044 |
|
|
|a xr
|c CZ
|
| 072 |
|
7 |
|a 93/94
|x Dejiny (všeobecne)
|2 konspekt
|
| 080 |
|
|
|a (438)
|2 2011
|
| 080 |
|
|
|a 93/94
|2 2011
|
| 100 |
1 |
|
|a Sasinek, František Víťazoslav,
|d 1830-1914
|4 aut
|9 8180
|
| 245 |
1 |
0 |
|a O Křtu Jagello-Vladislava, Krále Polského, v Krakově 14. února 1386
|c Napsal Fr. V. Sasinek
|
| 260 |
|
|
|a V Praze
|b Na skladě u Fr. Urbánka, kníhkupce
|c 1886
|e [Praha]
|f Tisk Cyrillo-Methodějské knihtiskárny (J. Zeman a spol.)
|
| 300 |
|
|
|a 19 s.
|c 14 cm
|
| 501 |
|
|
|a Prív. 1. k: SASINEK, František Víťazoslav. Čechy V X. Století.
|5 SNK SE 63
|
| 504 |
|
|
|a Poznámky pod textom
|
| 650 |
0 |
7 |
|a dejiny
|2 SNKPH
|9 3825
|
| 651 |
|
7 |
|a Poľsko
|2 SNKPHgeo
|9 16755
|
| 655 |
|
7 |
|a monografie
|2 SNKPH
|9 70139
|
| 700 |
1 |
|
|a Urbánek, František Augustin,
|d 1842-1919
|4 bsl
|9 157350
|
| 710 |
2 |
|
|a Gyrillo-Methodějská knihtiskárna (Praha, Česko)
|4 prt
|9 644206
|
| 752 |
|
|
|a Česko
|d Praha
|
| 958 |
|
|
|a ONDV
|
| 999 |
|
|
|c 995537
|d 997467
|
| 952 |
|
|
|a SNK
|b SNK
|y PREZ
|7 0
|p 17A7633403
|o snkSE 115/1 D1
|i snkIII. 1028/49
|z r. 1886
|0 0
|1 0
|4 0
|d 2012-02-08
|l 0
|r 2026-02-24 12:02:33
|w 2026-02-24
|
| 952 |
|
|
|a SNK
|b SNK
|y PREZ
|7 0
|p 17A7633402
|o snkSE 115/1 D2
|i snkIII. 1029/49
|z r. 1886
|0 0
|1 0
|4 0
|d 2012-02-08
|l 0
|r 2026-02-24 12:02:33
|w 2026-02-24
|
| 952 |
|
|
|a SNK
|b SNK
|y PREZ
|7 0
|p 17A0731281
|o snkSE 115/1
|i snk1622/28
|0 0
|1 0
|4 0
|d 2017-06-09
|f 1
|l 0
|r 2026-02-24 12:02:33
|w 2026-02-24
|
| 952 |
|
|
|a SNK
|b SNK
|y PREZ
|7 0
|p 17A1299579
|o snkSE 63/prív.1
|i snk1688/27
|0 0
|1 0
|4 0
|d 2018-02-09
|f 1
|l 0
|r 2026-02-24 12:02:33
|w 2026-02-24
|